000 00681nam a2200277Ia 4500
005 20260324112227.0
008 008 260324s9999 xx 000 0 eng d
020 _a9781003459873
037 _aEBOOK
040 _aCRL
040 _beng
040 _cCRL
041 _2eng
041 _aeng
084 _qCRL
100 _aSvitlana Biedarieva
_91141818
245 0 _aArt in Ukraine Between Identity Construction and Anti-Colonial Resistance
260 _bTaylor and Francis
260 _c2024
365 _a
365 _b220
856 _uhttp://www.taylorfrancis.com/books/9781003459873
942 _cEBOOK
999 _c1730950
_d1730950